Rags to riches: life and times of Dhirajlal Hirachand Ambani (Record no. 399879)

000 -LEADER
fixed length control field 00555cam a22001577a 4500
008 - FIXED-LENGTH DATA ELEMENTS--GENERAL INFORMATION
fixed length control field 180718b2002 xxu||||| |||| 00| 0 eng d
082 ## - DEWEY DECIMAL CLASSIFICATION NUMBER
Classification number A99 Am16/G111
245 ## - TITLE STATEMENT
Title Rags to riches: life and times of Dhirajlal Hirachand Ambani
Statement of responsibility, etc. edited by Daljit Kaur Daba, Soma Kolay and Arti Agnihotri
260 ## - PUBLICATION, DISTRIBUTION, ETC.
Place of publication, distribution, etc. Delhi
Name of publisher, distributor, etc. Xact
Date of publication, distribution, etc. 2002
300 ## - PHYSICAL DESCRIPTION
Extent 148p.
650 ## - SUBJECT ADDED ENTRY--TOPICAL TERM
Topical term or geographic name entry element Ambani, Dhirajlal Hirachand - Criticism and interpretation
650 ## - SUBJECT ADDED ENTRY--TOPICAL TERM
Topical term or geographic name entry element Ambani, Dhirajlal Harchand - Biography
700 ## - ADDED ENTRY--PERSONAL NAME
Personal name Agnihotri, Arti
700 ## - ADDED ENTRY--PERSONAL NAME
Personal name Kolay, Soma
700 ## - ADDED ENTRY--PERSONAL NAME
Personal name Gaba, Daljit Kaur
Holdings
Withdrawn status Lost status Damaged status Not for loan Permanent Location Current Location Date acquired Full call number Barcode Date last seen Price effective from Koha item type
        Indian Institute of Public Administration Indian Institute of Public Administration 2002-08-11 A99 Am16/G111 77727 2018-07-21 2018-07-21 Book

Powered by Koha